000 00610nam a22001817a 4500
005 20251108172031.0
008 250721s1984 xx 000 0 ara d
082 1 4 _a513.5/محم
100 1 _aراشد، محمد إبراهيم
245 1 0 _aمبادئ الهندسة الحديثة :
_bالإقليدية و اللإقليدية /
264 1 _aعمان :
_bدار عمار للنشر و التوزيع،
_c1984.
300 _a287ص
650 1 7 _aالهندسة
650 1 7 _aالهندسة الحديثة
700 1 _aالزعبي، عبد الله محمود
942 _2ddc
_cBK
999 _c68754
_d68754